=LDR 00000nam 2200000 4500 =001 INLIS000000000007712 =005 20130612095652 =008 ************************************* =035 ##$$0010-061300000007712 =082 ##$$a 001.5 =090 ##$$a 001.5, Gon k =100 ##$$a Gondokusumo, AA =245 ##$$a Komunikasi penugasan, AA. Gondokusumo =260 ##$$a 1980 $b Jakarta =300 ##$$a 162 hlm., 21 cm =650 ##$$a Komunikasi